Statistics for 2022 AP Poll

Click here to take the quiz!

General Stats

  • This quiz has been taken 20 times
  • The average score is 317 of 400

Answer Stats

RankWeekTeam% Correct
1PSAlabama
100%
69Alabama
100%
23Alabama
100%
24Alabama
100%
812Alabama
100%
1010Alabama
100%
11Alabama
100%
613Alabama
100%
68Alabama
100%
22Alabama
100%
67Alabama
100%
515Alabama
100%
15Alabama
100%
514Alabama
100%
36Alabama
100%
811Alabama
100%
3PSGeorgia
100%
25Georgia
100%
21Georgia
100%
18Georgia
100%
12Georgia
100%
13Georgia
100%
115Georgia
100%
16Georgia
100%
17Georgia
100%
14Georgia
100%
19Georgia
100%
110Georgia
100%
111Georgia
100%
112Georgia
100%
113Georgia
100%
114Georgia
100%
56Michigan
100%
312Michigan
100%
49Michigan
100%
47Michigan
100%
46Michigan
100%
44Michigan
100%
43Michigan
100%
42Michigan
100%
41Michigan
100%
315Michigan
100%
48Michigan
100%
311Michigan
100%
310Michigan
100%
213Michigan
100%
214Michigan
100%
8PSMichigan
100%
414Ohio State
100%
2PSOhio State
100%
26Ohio State
100%
27Ohio State
100%
28Ohio State
100%
210Ohio State
100%
211Ohio State
100%
212Ohio State
100%
513Ohio State
100%
415Ohio State
100%
39Ohio State
100%
34Ohio State
100%
31Ohio State
100%
33Ohio State
100%
32Ohio State
100%
35Ohio State
100%
58Clemson
92%
1315Clemson
92%
45Clemson
92%
1210Clemson
92%
4PSClemson
92%
1013Clemson
92%
59Clemson
92%
1014Clemson
92%
57Clemson
92%
52Clemson
92%
55Clemson
92%
54Clemson
92%
53Clemson
92%
712Clemson
92%
911Clemson
92%
51Clemson
92%
159LSU
92%
255LSU
92%
612LSU
92%
611LSU
92%
1614LSU
92%
1615LSU
92%
710LSU
92%
188LSU
92%
1113LSU
92%
63Oklahoma
92%
62Oklahoma
92%
71Oklahoma
92%
9PSOklahoma
92%
184Oklahoma
92%
136TCU
92%
78TCU
92%
79TCU
92%
411TCU
92%
412TCU
92%
175TCU
92%
313TCU
92%
314TCU
92%
87TCU
92%
215TCU
92%
410TCU
92%
207Texas
92%
212Texas
92%
2113Texas
92%
2114Texas
92%
223Texas
92%
2412Texas
92%
236Texas
92%
1810Texas
92%
2515Texas
92%
1712UCLA
92%
185UCLA
92%
116UCLA
92%
109UCLA
92%
1611UCLA
92%
910UCLA
92%
128UCLA
92%
1713UCLA
92%
2115UCLA
92%
97UCLA
92%
1814UCLA
92%
121Florida
85%
182Florida
85%
203Florida
85%
1413Florida State
85%
2011Florida State
85%
1314Florida State
85%
234Florida State
85%
1612Florida State
85%
1115Florida State
85%
2510Florida State
85%
145NC State
85%
181NC State
85%
156NC State
85%
123NC State
85%
237NC State
85%
1710NC State
85%
162NC State
85%
248NC State
85%
2514NC State
85%
219NC State
85%
13PSNC State
85%
104NC State
85%
1812North Carolina
85%
2413North Carolina
85%
227North Carolina
85%
1510North Carolina
85%
1311North Carolina
85%
179North Carolina
85%
218North Carolina
85%
1914Notre Dame
85%
5PSNotre Dame
85%
1312Notre Dame
85%
1913Notre Dame
85%
1815Notre Dame
85%
81Notre Dame
85%
2010Notre Dame
85%
1811Notre Dame
85%
134Oregon
85%
1211Oregon
85%
126Oregon
85%
153Oregon
85%
11PSOregon
85%
1513Oregon
85%
1514Oregon
85%
1012Oregon
85%
1515Oregon
85%
107Oregon
85%
125Oregon
85%
252Oregon
85%
610Oregon
85%
89Oregon
85%
88Oregon
85%
1410Penn State
85%
167Penn State
85%
222Penn State
85%
169Penn State
85%
138Penn State
85%
143Penn State
85%
715Penn State
85%
1111Penn State
85%
106Penn State
85%
105Penn State
85%
914Penn State
85%
1112Penn State
85%
813Penn State
85%
114Penn State
85%
85Tennessee
85%
76USC
85%
108USC
85%
99USC
85%
14PSUSC
85%
814USC
85%
711USC
85%
127USC
85%
413USC
85%
65USC
85%
1215USC
85%
73USC
85%
101USC
85%
72USC
85%
64USC
85%
810USC
85%
512USC
85%
815Washington
85%
2410Washington
85%
183Washington
85%
1511Washington
85%
215Washington
85%
913Washington
85%
154Washington
85%
1214Washington
85%
1212Washington
85%
195Kansas
77%
196Kansas
77%
141Michigan State
77%
15PSMichigan State
77%
112Michigan State
77%
77Ole Miss
77%
163Ole Miss
77%
221Ole Miss
77%
96Ole Miss
77%
158Ole Miss
77%
95Ole Miss
77%
1411Ole Miss
77%
202Ole Miss
77%
2012Ole Miss
77%
21PSOle Miss
77%
1110Ole Miss
77%
119Ole Miss
77%
144Ole Miss
77%
113Tennessee
77%
152Tennessee
77%
84Tennessee
77%
912Tennessee
77%
511Tennessee
77%
615Tennessee
77%
66Tennessee
77%
241Tennessee
77%
713Tennessee
77%
29Tennessee
77%
37Tennessee
77%
614Tennessee
77%
38Tennessee
77%
510Tennessee
77%
233Texas A&M
77%
6PSTexas A&M
77%
61Texas A&M
77%
242Texas A&M
77%
174Texas A&M
77%
206Utah
77%
714Utah
77%
124Utah
77%
133Utah
77%
1011Utah
77%
131Utah
77%
7PSUtah
77%
1310Utah
77%
142Utah
77%
148Utah
77%
1412Utah
77%
1213Utah
77%
157Utah
77%
1015Utah
77%
115Utah
77%
129Utah
77%
164Baylor
69%
91Baylor
69%
173Baylor
69%
10PSBaylor
69%
172Baylor
69%
2110Illinois
69%
187Illinois
69%
178Illinois
69%
149Illinois
69%
246Illinois
69%
1415Kansas State
69%
1313Kansas State
69%
1512Kansas State
69%
254Kansas State
69%
1911Kansas State
69%
139Kansas State
69%
2310Kansas State
69%
176Kansas State
69%
205Kansas State
69%
177Kansas State
69%
1114Kansas State
69%
228Kansas State
69%
20PSKentucky
69%
201Kentucky
69%
74Kentucky
69%
83Kentucky
69%
198Kentucky
69%
197Kentucky
69%
135Kentucky
69%
92Kentucky
69%
226Kentucky
69%
2015Mississippi State
69%
2513Mississippi State
69%
235Mississippi State
69%
166Mississippi State
69%
2414Mississippi State
69%
247Mississippi State
69%
2411Oklahoma State
69%
82Oklahoma State
69%
189Oklahoma State
69%
98Oklahoma State
69%
75Oklahoma State
69%
111Oklahoma State
69%
117Oklahoma State
69%
12PSOklahoma State
69%
94Oklahoma State
69%
93Oklahoma State
69%
86Oklahoma State
69%
2212Oregon State
69%
1613Oregon State
69%
2511Oregon State
69%
249Oregon State
69%
1714Oregon State
69%
1715Oregon State
69%
2013South Carolina
69%
2014South Carolina
69%
258South Carolina
69%
2315South Carolina
69%
103Arkansas
62%
204Arkansas
62%
161Arkansas
62%
102Arkansas
62%
19PSArkansas
62%
25PSBYU
62%
194BYU
62%
165BYU
62%
193BYU
62%
211BYU
62%
122BYU
62%
216Cincinnati
62%
2112Cincinnati
62%
245Cincinnati
62%
217Cincinnati
62%
2211Cincinnati
62%
208Cincinnati
62%
23PSCincinnati
62%
24PSHouston
62%
251Houston
62%
214Minnesota
62%
244Pittsburgh
62%
243Pittsburgh
62%
232Pittsburgh
62%
2215Pittsburgh
62%
17PSPIttsburgh
62%
171Pittsburgh
62%
225Syracuse
62%
186Syracuse
62%
147Syracuse
62%
168Syracuse
62%
229Syracuse
62%
146Wake Forest
62%
192Wake Forest
62%
213Wake Forest
62%
22PSWake Forest
62%
118Wake Forest
62%
231Wake Forest
62%
137Wake Forest
62%
224Wake Forest
62%
209Wake Forest
62%
155Wake Forest
62%
191Wisconsin
62%
18PSWisconsin
62%
1910Liberty
46%
239Liberty
46%
132Miami (FL)
46%
16PSMiami (FL)
46%
253Miami (FL)
46%
151Miami (FL)
46%
1414Tulane
46%
199Tulane
46%
257Tulane
46%
915Tulane
46%
1813Tulane
46%
2111Tulane
46%
238Tulane
46%
1610Tulane
46%
1912Tulane
46%
2213UCF
46%
1711UCF
46%
2512UCF
46%
259UCF
46%
2210UCF
46%
2311Coastal Carolina
31%
2312Coastal Carolina
31%
256James Madison
31%
2415Fresno State
15%
1915Troy
15%
2314Troy
15%
2313UTSA
15%
2214UTSA
15%

Score Distribution

Percentile by Number Answered

Percent of People with Each Score

Your Score History

You have not taken this quiz